000
00280nam a2200109Ia 4500
008
210430s9999 xx 000 0 und d
082
_a
363.3 N575L
100
_a
NFPA 101
_9
53444
245
_a
Life Safty Code
_c
NFPA 101
260
_a
Islamabad
_b
Photo copy
_c
2006
942
_c
BK
_2
ddc
999
_c
563441
_d
563441